Catálogo - Centro de Recursos para el Aprendizaje y la Investigación

Volver al Sitio - CRAI Biblioteca

Katzung's Basic & clinical pharmacology (Registro nro. 113753)

Detalles MARC
000 -CABECERA
campo de control de longitud fija 01185nam a2200253 4500
001 - NÚMERO DE CONTROL
campo de control 113753
003 - IDENTIFICADOR DEL NÚMERO DE CONTROL
campo de control DR-UNIBE
005 - FECHA Y HORA DE LA ÚLTIMA TRANSACCIÓN
campo de control 20250613151953.0
008 - DATOS DE LONGITUD FIJA--INFORMACIÓN GENERAL
campo de control de longitud fija 250613b2024 xxu||||| |||| 00| 0 eng d
020 ## - NÚMERO INTERNACIONAL ESTÁNDAR DEL LIBRO
Número Internacional Estándar del Libro 9781260463309
040 ## - FUENTE DE LA CATALOGACIÓN
Centro catalogador/agencia de origen BIBLIOTECA UNIBE
Centro/agencia transcriptor BIBLIOTECA UNIBE
Lengua de catalogación spa
Normas de descripción rda
041 ## - CÓDIGO DE LENGUA
Código de lengua del texto/banda sonora o título independiente eng
082 ## - NÚMERO DE LA CLASIFICACIÓN DECIMAL DEWEY
Número de clasificación 615 K19b 2024
245 10 - MENCIÓN DE TÍTULO
Título Katzung's Basic & clinical pharmacology
250 ## - MENCIÓN DE EDICIÓN
Mención de edición Decimosexta edición
260 ## - PUBLICACIÓN, DISTRIBUCIÓN, ETC.
Lugar de publicación, distribución, etc. New York :
Nombre del editor, distribuidor, etc. McGraw Hill,
Fecha de publicación, distribución, etc. 2024
300 ## - DESCRIPCIÓN FÍSICA
Extensión xiii, 1347 páginas :
Otras características físicas ilustraciones, tablas
490 ## - MENCIÓN DE SERIE
Mención de serie Cambridge medicine
505 ## - NOTA DE CONTENIDO CON FORMATO
Nota de contenido con formato SECTION I. BASIC PRINCIPLES |<br/> SECTION II. AUTONOMIC DRUGS |<br/> SECTION III. CARDIOVASCULAR-RENAL DRUGS |<br/> SECTION IV. DRUGS WITH IMPORTANT ACTIONS ON SMOOTH MUSCLE |<br/> SECTION V. DRUGS THAT ACT IN THE CENTRAL NERVOUS SYSTEM |<br/> SECTION VI. DRUGS USED TO TREAT DISEASES OF THE BLOOD, INFLAMMATION, & GOUT |<br/>SECTION VII. ENDOCRINE DRUGS |<br/>SECTION VIII. CHEMOTHERAPEUTIC DRUGS |<br/>SECTION IX. TOXICOLOGY |<br/>SECTION X. SPECIAL TOPICS |<br/>
650 #7 - PUNTO DE ACCESO ADICIONAL DE MATERIA--TÉRMINO DE MATERIA
Término de materia o nombre geográfico como elemento de entrada Psicofarmacología
Fuente del encabezamiento o término lemb
650 #7 - PUNTO DE ACCESO ADICIONAL DE MATERIA--TÉRMINO DE MATERIA
Término de materia o nombre geográfico como elemento de entrada Medicamentos
Fuente del encabezamiento o término lemb
700 1# - PUNTO DE ACCESO ADICIONAL--NOMBRE DE PERSONA
Nombre de persona Vanderah, Todd W.
Término indicativo de función/relación editor
9 (RLIN) 196400
942 ## - ELEMENTOS DE PUNTO DE ACCESO ADICIONAL (KOHA)
Fuente del sistema de clasificación o colocación Sistema de Clasificación Decimal Dewey
Tipo de ítem Koha Libro (general)
Existencias
Estado de retiro Estado de pérdida Fuente del sistema de clasificación o colocación No para préstamo Código de colección Localización permanente Ubicación en estantería Fecha de adquisición Total de préstamos Signatura topográfica completa Código de barras Fecha visto por última vez Número de copia Precio válido a partir de Tipo de ítem Koha
  Disponible Sistema de Clasificación Decimal Dewey   Reserva Biblioteca Central UNIBE Área de exhibición 13/06/2025   615 K19b 2024 250708 13/06/2025 Ej. 1 13/06/2025 Libro (reserva)